GETS Theological Seminary Library

林治平选集: (Record no. 27659)

MARC details
000 -LEADER
fixed length control field 00643nam a2200217Ia 4500
008 - FIXED-LENGTH DATA ELEMENTS--GENERAL INFORMATION
fixed length control field 200901s9999||||xx |||||||||||||| ||und||
020 ## - INTERNATIONAL STANDARD BOOK NUMBER
International Standard Book Number 9577271979
020 ## - INTERNATIONAL STANDARD BOOK NUMBER
International Standard Book Number 9789577271976
041 ## - LANGUAGE CODE
Language code of text/sound track or separate title chi
050 ## - LIBRARY OF CONGRESS CALL NUMBER
Classification number PL2878.N84
Item number .L56 2003
100 ## - MAIN ENTRY--PERSONAL NAME
Personal name 林治平
245 #0 - TITLE STATEMENT
Title 林治平选集:
Remainder of title 掏心集: 寫給年輕的你 /
Statement of responsibility, etc. 林治平
246 ## - VARYING FORM OF TITLE
Title proper/short title 林治平選集:
Remainder of title 掏心集: 写给年轻的你/
260 ## - PUBLICATION, DISTRIBUTION, ETC.
Place of publication, distribution, etc. 臺北市 :
Name of publisher, distributor, etc. 基督教宇宙光全人關懷機構出版 ,
Date of publication, distribution, etc. 2003
300 ## - PHYSICAL DESCRIPTION
Extent 10 v.
Other physical details ;
Dimensions 21 cm.
650 ## - SUBJECT ADDED ENTRY--TOPICAL TERM
Topical term or geographic name entry element Christian life -- Taiwan.
650 ## - SUBJECT ADDED ENTRY--TOPICAL TERM
Topical term or geographic name entry element Christian life.
650 ## - SUBJECT ADDED ENTRY--TOPICAL TERM
Topical term or geographic name entry element Taiwan.
949 ## - LOCAL PROCESSING INFORMATION (OCLC)
v v.9
Holdings
Withdrawn status Lost status Source of classification or shelving scheme Damaged status Not for loan Home library Current library Shelving location Date acquired Total Checkouts Full call number Barcode Date last seen Price effective from Koha item type
    Library of Congress Classification     GETS Theological Seminary Library GETS Theological Seminary Library General Stacks 09/01/2020   PL2878.N84 .L56 2003 v.9 00014978 09/01/2020 09/01/2020 Chinese Book
OpacCredits

Contact the Librarian, GETS Library
Email: library@mygets.org









Implemented by GETS Library
(Powered by ETCA Professional Group)
GETS Theological Seminary
412 E. Rowland Street, CA 91723